00338nam a2200145Ia 4500008004100000020001500041041001200056082001100068100001600079245002800095250000800123260003900131300000800170650001400178221030s9999 xx 000 0 und d a8177588753 aEnglish a105.23 aG. F. Luger 0aArtificial Intelligence a4th bPearson EducationaNew Delhic2007 a856 aComputers